Memoria : (Registro nro. 8373)

Detalles MARC
000 -LEADER
fixed length control field 02179nam a2200313Ia 4500
003 - CONTROL NUMBER IDENTIFIER
control field OSt
005 - DATE AND TIME OF LATEST TRANSACTION
control field 20210824094428.0
008 - FIXED-LENGTH DATA ELEMENTS--GENERAL INFORMATION
fixed length control field 210310s1998 ck aod fr 100 0 spa d
020 ## - INTERNATIONAL STANDARD BOOK NUMBER
International Standard Book Number 9589662315
040 ## - CATALOGING SOURCE
Original cataloging agency CO-JMCR
Transcribing agency CO-JMCR
041 0# - LANGUAGE CODE
Language code of text/sound track or separate title spa
082 04 - DEWEY DECIMAL CLASSIFICATION NUMBER
Classification number 339.523 /
Item number E562m
Edition number 23
111 2# - MAIN ENTRY--MEETING NAME
Meeting name or jurisdiction name as entry element Encuentro de Derecho Tributario y Hacienda Púbica
Number of part/section/meeting (4° :
Date of meeting or treaty signing 1998 :
Location of meeting Bogotá)
9 (RLIN) 39571
245 #0 - TITLE STATEMENT
Title Memoria :
Remainder of title IV Encuentro de Derecho Tributario y Hacienda Púbica /
Statement of responsibility, etc. Instituto Colombiano de Derecho Tributario, Pontificia Universidad Javeriana, Universidad Colegio Mayor de Nuestra Señora Del Rosario, Universidad de La Sabana, Universidad de Los Andes
260 ## - PUBLICATION, DISTRIBUTION, ETC.
Place of publication, distribution, etc. Bogotá :
Name of publisher, distributor, etc. ICDT,
Date of publication, distribution, etc. 1998
300 ## - PHYSICAL DESCRIPTION
Extent xxiv, 205 páginas :
Other physical details ilustraciones, fotografías y gráficas a blanco y negro y a color ;
Dimensions 24 cm.
500 ## - GENERAL NOTE
General note Incluye notas a pie de página.
505 0# - FORMATTED CONTENTS NOTE
Title Teoría del Déficit Fiscal /
Statement of responsibility Clara López Obregón
Title El controvertido principio del Equilibrio Presupuestal y el Déficit Fiscal /
Statement of responsibility Mauricio Alfredo Plazas Vega
Title El Déficit Fiscal /
Statement of responsibility Alfonso Miranda Talero
Title El Déficit Fiscal Nacional: posibles soluciones. Dos prosperidades desperdiciadas /
Statement of responsibility Rodrigo Llorente Martínez
Title El Déficit Nacional /
Statement of responsibility Julio Roberto Piza Rodríguez
Title Análisis del Déficit Nacional /
Statement of responsibility Juan Pablo Córdoba Garcés
Title El Déficit de las Entidades Territoriales: descripción, causas y posibles soluciones /
Statement of responsibility Jorge Armando Rodríguez Alarcón
Title El Déficit de las Entidades Territoriales /
Statement of responsibility Jaime Castro Castro
650 14 - SUBJECT ADDED ENTRY--TOPICAL TERM
Topical term or geographic name entry element Derecho fiscal
9 (RLIN) 17084
General subdivision Congresos, conferencias, etc.
Geographic subdivision Colombia
650 24 - SUBJECT ADDED ENTRY--TOPICAL TERM
Topical term or geographic name entry element Hacienda pública
General subdivision Congresos, conferencias, etc.
Geographic subdivision Colombia
9 (RLIN) 39572
650 24 - SUBJECT ADDED ENTRY--TOPICAL TERM
Topical term or geographic name entry element Administración tributaria
General subdivision Congresos, conferencias, etc.
Geographic subdivision Colombia
9 (RLIN) 39573
650 24 - SUBJECT ADDED ENTRY--TOPICAL TERM
Topical term or geographic name entry element Gastos públicos
General subdivision Congresos, conferencias, etc.
Geographic subdivision Colombia
9 (RLIN) 39574
650 24 - SUBJECT ADDED ENTRY--TOPICAL TERM
Topical term or geographic name entry element Déficit fiscal
Form subdivision Teorías
General subdivision Congresos, conferencias, etc.
9 (RLIN) 39575
710 1# - ADDED ENTRY--CORPORATE NAME
Corporate name or jurisdiction name as entry element Pontificia Universidad Javeriana
9 (RLIN) 39576
710 1# - ADDED ENTRY--CORPORATE NAME
Corporate name or jurisdiction name as entry element Universidad Colegio Mayor de Nuestra Señora Del Rosario
9 (RLIN) 39577
710 1# - ADDED ENTRY--CORPORATE NAME
Corporate name or jurisdiction name as entry element Universidad de La Sabana
9 (RLIN) 39578
710 1# - ADDED ENTRY--CORPORATE NAME
Corporate name or jurisdiction name as entry element Universidad de Los Andes
9 (RLIN) 10674
942 ## - ADDED ENTRY ELEMENTS (KOHA)
Source of classification or shelving scheme Dewey Decimal Classification
Koha item type Books
Existencias
Withdrawn status Lost status Source of classification or shelving scheme Damaged status Not for loan Collection code Home library Current library Date acquired Source of acquisition Full call number Barcode Date last seen Copy number Koha item type
    Dewey Decimal Classification     Non-fiction Biblioteca Pública José María del Castillo y Rada Biblioteca Pública José María del Castillo y Rada 04/15/2018 Donación 339.523 / E562m 430006340 05/16/2024 Ej.1 Books